000 00686cam a22002413a 4500
001 25082
003 PGUSA
005 20140828083535.0
008 080417s2008||||xxu|||||s|||||000 1 eng d
040 _aPGUSA
_beng
042 _adc
050 4 _aPS
100 1 _aEvarts, Hal G.
_q(Hal George),
_d1887-1934
245 1 4 _aThe Yellow Horde
_h[electronic resource] /
_cHal G. Evarts
260 _bProject Gutenberg,
_c2008
506 _aPublic domain in the USA.
516 _aElectronic text
653 _aWolves -- Fiction
700 1 _aBull, Charles Livingston,
_d1874-1932
830 0 _aProject Gutenberg
_v25082
856 4 0 _uhttp://www.gutenberg.org/ebooks/25082
942 _cEB
999 _c254337
_d254337